[Event "POL-chT U19 3rd League Wielkopolska"]
[Site "Kalisz"]
[Date "2013.02.10"]
[Round "5.1"]
[White "Kwiatkowski, Wiktor"]
[Black "Gajewski, Bartosz"]
[Result "1-0"]
[WhiteElo "1945"]
[BlackElo "1703"]
[PlyCount "64"]
[EventDate "2013.02.09"]
[EventType "team-tourn"]
[EventRounds "9"]
[EventCountry "POL"]
[SourceTitle "EXT 2019"]
[Source "ChessBase"]
[SourceDate "2018.10.10"]
[SourceVersion "1"]
[SourceVersionDate "2018.10.10"]
[SourceQuality "1"]
[WhiteTeam "Koscielec UKS Kielbaska U19"]
[BlackTeam "Zbaszyn MKS Wicher U19"]
[WhiteTeamCountry "POL"]
[BlackTeamCountry "POL"]

1. e4 a6 2. d4 b5 3. Nf3 Bb7 4. Bd3 Nf6 5. Qe2 e6 6. 0-0 c5 7. c3 Qb6 8. h3 Be7 9. Nbd2 Nc6 10. dxc5 Bxc5 11. b4 Be7 12. e5 Nd5 13. Ne4 Rc8 14. Bg5 f6 15. Bd2 0-0 16. exf6 gxf6 17. a4 bxa4 18. Rxa4 Ra8 19. Rfa1 Ne5 20. Nxe5 fxe5 21. Qg4+ Kh8 22. Bh6 Rg8 23. Qh5 Nf6 24. Qxe5 Bxe4 25. Bxe4 d5 26. Bd3 d4 27. Rxa6 Rxa6 28. Rxa6 Qb7 29. g3 dxc3 30. Rxe6 Bd8 31. Rxf6 Bxf6 32. Qxf6+ Rg7 1-0

[Event "POL-chT U19 3rd League"]
[Site "Wielkoposka"]
[Date "2011.04.02"]
[Round "6"]
[White "Dziewa, Aleksander"]
[Black "Gajewski, Bartosz"]
[Result "0-1"]
[WhiteElo "1487"]
[BlackElo "1644"]
[PlyCount "52"]
[EventDate "2011.02.26"]
[EventType "team-tourn"]
[EventRounds "9"]
[EventCountry "POL"]
[SourceTitle "EXT 2019"]
[Source "ChessBase"]
[SourceDate "2018.10.10"]
[SourceVersion "1"]
[SourceVersionDate "2018.10.10"]
[SourceQuality "1"]
[WhiteTeam "Konin UKS Smecz U19"]
[BlackTeam "Zbaszyn MKS Wicher U19"]
[WhiteTeamCountry "POL"]
[BlackTeamCountry "POL"]

1. d4 d5 2. c4 e6 3. Nc3 Nf6 4. Nf3 Be7 5. e3 0-0 6. Bd3 b6 7. 0-0 Bb7 8. a3 Nbd7 9. Re1 c5 10. e4 cxd4 11. Nxd4 dxc4 12. Bxc4 Ne5 13. Ba2 Bc5 14. Be3 Nfg4 15. Nc2 Nxe3 16. Nxe3 Qh4 17. Qc2 Rad8 18. h3 Nd3 19. Re2 Nxf2 20. b4 Bd4 21. Rae1 Nxe4 22. Nxe4 Bxe4 23. Qc4 Qg5 24. g4 h5 25. Kh2 Qf4+ 26. Kg1 Qg3+ 0-1

[Event "POL-chT U19 3rd League"]
[Site "Wielkoposka"]
[Date "2011.02.??"]
[Round "5"]
[White "Gajewski, Bartosz"]
[Black "Majas, Piotr"]
[Result "0-1"]
[WhiteElo "1644"]
[BlackElo "1759"]
[PlyCount "120"]
[EventDate "2011.02.26"]
[EventType "team-tourn"]
[EventRounds "9"]
[EventCountry "POL"]
[SourceTitle "EXT 2019"]
[Source "ChessBase"]
[SourceDate "2018.10.10"]
[SourceVersion "1"]
[SourceVersionDate "2018.10.10"]
[SourceQuality "1"]
[WhiteTeam "Zbaszyn MKS Wicher U19"]
[BlackTeam "Kalisz KTS U19"]
[WhiteTeamCountry "POL"]
[BlackTeamCountry "POL"]

1. e4 c5 2. Nf3 d6 3. d4 cxd4 4. Nxd4 Nf6 5. Nc3 a6 6. Bc4 e6 7. 0-0 b5 8. Bd3 Bb7 9. Re1 Nc6 10. Nxc6 Bxc6 11. a3 Be7 12. Bd2 Qc7 13. f3 d5 14. exd5 Nxd5 15. Ne4 Rd8 16. Qe2 0-0 17. Kh1 Nf4 18. Bxf4 Qxf4 19. Qe3 Qxe3 20. Rxe3 Bxe4 21. Rxe4 Bf6 22. Rb1 Rd6 23. b3 Rc8 24. Rd1 a5 25. Re2 Be7 26. Re5 Rb8 27. Rb1 Rdb6 28. Re4 Bxa3 29. Rd1 g6 30. h3 Bb2 31. Re2 a4 32. bxa4 bxa4 33. Bc4 a3 34. Ba2 Rc8 35. c4 Rb4 36. Rc2 Kg7 37. c5 Rc7 38. Rd6 Be5 39. Ra6 Rb2 40. Rxb2 axb2 41. c6 Bd4 42. g4 e5 43. Kg2 f5 44. Kf1 Kf6 45. Ke2 Kg5 46. Bb1 f4 47. Kd3 Kh4 48. Ke4 Kg3 49. Kd5 Kxf3 50. Kd6 Rxc6+ 51. Rxc6 Kg3 52. Rc7 f3 53. Rf7 f2 54. Bd3 Kxh3 55. Rxh7+ Kxg4 56. Rh1 g5 57. Kd5 Kf4 58. Kc4 g4 59. Kb3 g3 60. Bf1 b1Q+ 0-1

[Event "POL-ch Liga3 U18"]
[Site "Koscielec"]
[Date "2009.01.31"]
[Round "3.3"]
[White "Kwiatkowski, Wiktor"]
[Black "Gajewski, Bartosz"]
[Result "1-0"]
[WhiteElo "1808"]
[BlackElo "1595"]
[PlyCount "105"]
[EventDate "2009.01.31"]
[EventType "swiss"]
[EventRounds "9"]
[EventCountry "POL"]
[SourceTitle "EXT 2023"]
[Source "ChessBase"]
[SourceDate "2022.10.05"]
[SourceVersion "1"]
[SourceVersionDate "2022.10.05"]
[SourceQuality "1"]

1. e4 c5 2. Nf3 Nc6 3. d4 cxd4 4. Nxd4 Nf6 5. Nc3 d6 6. Bc4 g6 7. 0-0 Bg7 8. Be3 0-0 9. Be2 Bd7 10. f4 Rc8 11. Qd2 Ng4 12. Bxg4 Bxg4 13. Nxc6 bxc6 14. f5 d5 15. h3 d4 16. hxg4 dxe3 17. Qe2 Qb6 18. Nd1 Bh6 19. Rf3 Rfd8 20. Nxe3 Rd7 21. Kh1 Rcd8 22. fxg6 hxg6 23. Nc4 Qd4 24. Raf1 f6 25. c3 Qc5 26. e5 Bg5 27. b3 Kg7 28. Rh3 a6 29. a4 Qa7 30. a5 Qc5 31. Qf2 Qxf2 32. Rxf2 Rd1+ 33. Kh2 Rb1 34. b4 Rdd1 35. Rff3 Re1 36. exf6+ exf6 37. Kg3 Rbd1 38. Nb2 Rd5 39. Nd3 Re7 40. Nc5 Bd2 41. Rh1 g5 42. Nb3 Bf4+ 43. Kf2 Rde5 44. Nd4 Kg6 45. Rd1 Re8 46. Rdd3 Bh2 47. Rd1 Bf4 48. Rdd3 Bh2 49. Rd1 Bf4 50. Rdd3 Re1 51. Rh3 R8e4 52. g3 Be5 53. Rd2 1-0